Medidas alternativas a la reclusión: la experiencia de Chile, España, Estados Unidos e Inglaterra
Gardado en:
| Main Authors: | , |
|---|---|
| Outros autores: | |
| Formato: | Libro |
| Idioma: | Lingua castelá |
| Publicado: |
Santiago
Fundación Paz Ciudadana
1998
|
| Subjects: | |
| Tags: |
Engadir etiqueta
Sen Etiquetas, Sexa o primeiro en etiquetar este rexistro!
|
MARC
| LEADER | 00000nam a2200000 a 4500 | ||
|---|---|---|---|
| 001 | UCP2097 | ||
| 003 | CL-VaPUC | ||
| 008 | 990507e19980000CL |||||||||||||||||spa|d | ||
| 082 | 0 | 4 | |a 345.077 |b JUS |2 21 |
| 100 | |a Juste Picon, María Antonia |e author |9 428561 | ||
| 700 | |a Mertz K., Catalina |e autora |9 615431 | ||
| 700 | 0 | |a Mery N., Rafael |e author |9 428563 | |
| 245 | 1 | 0 | |a Medidas alternativas a la reclusión: la experiencia de Chile, España, Estados Unidos e Inglaterra |
| 300 | |a 200 p | ||
| 942 | |c BK | ||
| 945 | |d 19990507 00:00:00 |a rbrito | ||
| 260 | |a Santiago |b Fundación Paz Ciudadana |c 1998 | ||
| 650 | 0 | |a Código penal |9 255935 | |
| 650 | 7 | |a REFORMA JUDICIAL |2 CL-VaPUC |9 428564 | |
| 650 | 7 | |a DERECHO PENAL |2 CL-VaPUC |9 11 | |
| 650 | 0 | |a Libertad vigilada |9 383586 | |
| 651 | 0 | |a Inglaterra |9 255158 | |
| 651 | 0 | |a Estados Unidos |9 255178 | |
| 651 | 0 | |a España |9 254926 | |
| 651 | 7 | |a CHILE |2 CL-VaPUC |9 428565 | |
| 651 | 0 | |a Brasil |9 267393 | |
| 583 | |a last modification |c 19990507 00:00:00 |k Rodrigo Vera | ||
| 999 | |c 280692 |d 280690 | ||
| 952 | |0 0 |1 0 |4 0 |6 345_077000000000000_JUS_1998 |7 0 |8 A |9 321156 |a BIBDER |b BIBDER |d 2019-11-20 |i 3521982 |l 5 |o 345.077 JUS 1998 |p 3521982 |r 2024-03-25 |s 2024-03-15 |w 2019-11-20 |y BK |k DER | ||